000
00257nam a2200109Ia 4500
008
190216s9999||||xx |||||||||||||| ||und||
100
_a
David Daiches
245
0
_a
George Eliot Middle March
260
_b
Edward Arnold Ltd
650
_a
English
942
_c
BK
999
_c
12408
_d
12408